[Event "17th Asian Continental-ch Open 2018"]
[Site "Makati City"]
[Date "2018.12.14"]
[Round "5.17"]
[White "Nava, Roderick"]
[Black "Puranik, Abhimanyu"]
[Result "0-1"]
[WhiteElo "2392"]
[BlackElo "2544"]
[Annotator "TA"]
[PlyCount "96"]
[EventDate "2018.12.07"]
[EventType "swiss"]
[EventRounds "9"]
[EventCountry "PHI"]

{[%evp 21,96,13,17,0,20,24,15,19,18,14,11,13,31,11,18,20,19,13,20,20,13,14,14,14,18,7,85,82,139,72,70,41,49,54,54,0,0,-24,-45,-39,-52,-41,-36,-64,-8,-133,-129,-116,-129,-126,-113,-103,-103,-277,-282,-287,-285,-272,-276,-296,-281,-4132,-4132,-1875,-1746,-1268,-1358,-929,-460,-29970,-29972,-29989,-29990,-29990,-29991,-29997,-29998]} 1. d4 Nf6 2. c4 g6 3. Nc3 d5 4. cxd5 Nxd5 5. e4 Nxc3 6. bxc3 Bg7 7. Bg5 {D85: Exchange Grünfeld: Unusual White 7th moves and lines with 7 Nf3} (7. Bc4 c5 8. Ne2 Nc6 9. Be3 O-O 10. O-O Bg4 11. f3 Bd7 12. Rb1 Qc7 13. h4 cxd4 14. cxd4 Nxd4 15. Bxf7+ Rxf7 16. Nxd4 Rd8 17. Qb3 Qg3 18. Ne2 Qxh4 19. Bf2 Qf6 20. Rfd1 b6 {½-½ (119) Karjakin,S (2773)-Vachier Lagrave,M (2779) Saint Louis 2018}) 7... c5 8. Rc1 O-O 9. d5 Qd6 10. Nf3 Bg4 11. Be2 Nd7 {LiveBook: 25 Games} 12. O-O Bxf3 13. Bxf3 c4 14. Qa4 Rfc8 15. Be3 $146 a6 16. Bg4 b5 17. Qd1 Rd8 18. f4 Nc5 19. e5 $36 {[%mdl 2048] White fights for an advantage.} Qc7 $1 20. Qd4 Nd3 21. Rc2 Rab8 22. h4 Qb7 23. Bf3 Rd7 (23... f6 $11) 24. a4 Rbd8 (24... Qc7 $142) 25. axb5 (25. Ra2 $142) 25... Qxb5 $16 26. h5 e6 {[%cal Re6d5]} 27. hxg6 hxg6 {[%cal Re6d5]} 28. Be4 (28. Qb6 $14 Qxb6 29. Bxb6) 28... Qb3 $11 {[%cal Rd7d5] White must now prevent ...Rxd5.} 29. Bxd3 (29. Re2 {is more complex.} exd5 30. Bxd3 cxd3 31. Rd2 Rc8 32. Rc1) 29... cxd3 30. Qxd3 {Threatens to win with d6.} Rxd5 31. Qe2 Bf8 32. c4 Rc8 ({Better is} 32... Rd3 $15 33. Bf2 Bb4) 33. Rfc1 (33. Rc3 $11 Qxc3 34. cxd5) 33... Rd3 $17 {[%cal Bd5d3,Bd3c3,Bc3c5][%mdl 32]} 34. Bf2 Ba3 35. Ra1 a5 36. c5 Rc3 37. Rca2 $2 (37. Rxc3 $17 {might work better.} Qxc3 {[%mdl 64] Double Attack} 38. Qe1 Qxe1+ {[%mdl 64] Overworked Piece} 39. Bxe1 Bxc5+ 40. Kf1) 37... Bxc5 $19 38. Bxc5 R3xc5 ({Less strong is} 38... R8xc5 39. Rb2 $17) 39. Qe1 Qb6 40. Kh2 {[%cal Ra2a5] [#]} Kg7 $1 41. Rxa5 $2 (41. Qe3) 41... Rh8+ 42. Kg3 Qb3+ 43. Kg4 {[#]} Rh2 $1 {[%mdl 512]} 44. g3 Rcc2 (44... Rxa5 $142 45. Rxa5 Qc2) 45. R1a3 (45. Qd1 $19 Rhd2 46. R1a3) 45... Qb7 {Black mates.} 46. Qf1 Rcf2 47. Ra7 Qe4 {[%csl Ge6,Gg6][%cal Re4f5]} ({And not} 47... Rxf1 48. Rxb7 Rh8 49. Raa7 $16) 48. Qd3 Qf5+ {Accuracy: White = 37%, Black = 81%.} 0-1

[Event "17th Asian Continental-ch Open 2018"]
[Site "Makati City"]
[Date "2018.12.14"]
[Round "5.18"]
[White "Chen, Qi b"]
[Black "Laylo, Darwin"]
[Result "1/2-1/2"]
[WhiteElo "2437"]
[BlackElo "2438"]
[PlyCount "94"]
[EventDate "2018.12.07"]
[EventType "swiss"]
[EventRounds "9"]
[EventCountry "PHI"]
[TimeControl "40/5400+30:1800+30"]

1. e4 c6 2. Nc3 d5 3. Nf3 Bg4 4. h3 Bh5 5. exd5 cxd5 6. Bb5+ Nc6 7. g4 Bg6 8. Ne5 Rc8 9. d4 e6 10. Qe2 Bd6 11. Nxg6 hxg6 12. Nxd5 Kf8 13. Bxc6 Rxc6 14. Nc3 Bb4 15. Bd2 Qxd4 16. O-O-O Qc4 17. Qf3 Nf6 18. a3 Be7 19. Rhe1 a5 20. Kb1 Kg8 21. g5 Nh5 22. Re4 Qc5 23. Be3 Qf5 24. Qxf5 gxf5 25. Ra4 f4 26. Bxf4 Nxf4 27. Rxf4 Bxg5 28. Rg4 Bh6 29. Rd7 f5 30. Rg1 b6 31. Ne2 e5 32. Re7 e4 33. Nd4 Rf6 34. Re5 Bf4 35. Rxf5 Kf7 36. Re1 Rxf5 37. Nxf5 Kf6 38. Nd4 Re8 39. c3 g5 40. Kc2 Ke5 41. Nf3+ Kf5 42. Nd2 Rh8 43. Nxe4 Rxh3 44. a4 Kg4 45. Rg1+ Kf5 46. Re1 Kg4 47. Rg1+ Kf5 1/2-1/2

[Event "17th Asian Continental-ch Open 2018"]
[Site "Makati City"]
[Date "2018.12.14"]
[Round "5.19"]
[White "Miciano, John Marvin"]
[Black "Bilguun, Sumiya"]
[Result "1/2-1/2"]
[WhiteElo "2354"]
[BlackElo "2497"]
[Annotator "TA"]
[PlyCount "129"]
[EventDate "2018.12.07"]
[EventType "swiss"]
[EventRounds "9"]
[EventCountry "PHI"]

{[%evp 19,129,28,35,12,33,12,23,12,43,42,39,38,37,28,29,0,11,-7,0,0,-8,0,11,16,20,-18,0,0,0,0,0,0,0,-8,8,-48,32,-72,0,-68,0,0,7,0,22,0,0,0,0,0,0,0,1,0,63,72,106,85,143,78,107,104,80,71,53,35,22,0,49,-17,-8,-8,-8,-8,-12,-21,0,-23,-6,-27,-6,0,0,0,0,0,0,0,0,0,0,0,0,0,0,0,0,0,0,0,0,0,0,0,0,0,0,0,0,0,0,0]} 1. c4 e6 2. Nf3 c5 3. g3 b6 4. Bg2 Bb7 5. O-O Nf6 6. b3 Be7 7. Bb2 d6 8. Nc3 O-O 9. e3 Nbd7 10. d4 a6 {LiveBook: 63 Games} 11. a4 {A30: Symmetrical English: Double Fianchetto and Hedgehog} Rb8 12. Qe2 Ne4 13. Rfd1 $146 {White has an edge.} Ndf6 14. Nxe4 Bxe4 15. Ne1 Bxg2 16. Nxg2 Qc8 17. Nf4 Rd8 18. d5 e5 19. Nh5 Ne8 {With the idea ...g6.} 20. g4 g6 21. Ng3 Bh4 22. Kg2 Nf6 23. f3 Qd7 24. Bc3 b5 25. cxb5 axb5 26. a5 b4 27. Bb2 (27. Be1 $11) 27... Qb5 (27... Ra8 $15) 28. Qc4 (28. Qxb5 $14 {stays ahead.} Rxb5 29. Kh3 Bxg3 30. Kxg3) 28... Rd7 (28... Qxc4 $17 29. bxc4 Rd7) 29. Nf1 (29. Qxb5 $11 Rxb5 30. g5 Bxg5 31. f4) 29... Ra7 (29... Qxc4 $15 30. bxc4 Ra7) 30. Nd2 $11 Qb7 31. Qd3 h5 ({Of course not} 31... Qxd5 $6 32. Qxd5 Nxd5 33. Nc4 $16) 32. gxh5 Nxh5 33. Nc4 Qd7 34. Rg1 Re8 35. Qe4 $36 {[%mdl 2048] White has good play.} Bd8 36. Qg4 Qe7 (36... Be7 $1 $11) 37. Kh1 $14 Nf6 {[%mdl 64] Double Attack} 38. Qg2 Nxd5 39. f4 (39. Rad1 $142 $1 {[%cal Rd1d5]} Qe6 40. f4) 39... Nc3 $16 {[#]} 40. Bxc3 $1 bxc3 {[#]} 41. f5 $1 {[%cal Rf5g6]} g5 42. Rgf1 Qf6 {next ...e4 is good for Black.} 43. Qc6 Rf8 44. a6 {[#]} ({White should try} 44. Rf2 $14) 44... d5 $1 {[%mdl 512]} 45. Qxd5 Rxa6 46. Rxa6 Qxa6 47. Qd3 Bf6 {...e4! is the strong threat.} 48. Qxc3 Rb8 49. Kg1 Rd8 50. Qc2 {The position is equal.} Kg7 51. Rd1 Rxd1+ 52. Qxd1 Qc6 53. Kf2 Qe4 54. Nd6 Qh4+ 55. Kg1 {Strongly threatening Ne8+.} Be7 {White must now prevent ...Bxd6.} 56. Nc4 Qe4 57. Qd7 $1 {[%cal Rd7e7]} Bf8 58. Kf2 Qh4+ 59. Kg2 Qe4+ 60. Kg3 Kg8 61. f6 Qh4+ 62. Kg2 Qe4+ 63. Kg3 Qh4+ 64. Kg2 Qe4+ 65. Kg3 {Accuracy: White = 60%, Black = 43%.} 1/2-1/2

[Event "17th Asian Continental-ch Open 2018"]
[Site "Makati City"]
[Date "2018.12.14"]
[Round "5.20"]
[White "Nguyen, Anh Khoi"]
[Black "Garma, Chito"]
[Result "1-0"]
[WhiteElo "2480"]
[BlackElo "2342"]
[Annotator "TA"]
[PlyCount "49"]
[EventDate "2018.12.07"]
[EventType "swiss"]
[EventRounds "9"]
[EventCountry "PHI"]

{[%evp 18,49,17,23,27,27,17,6,50,29,37,58,87,85,86,47,139,138,156,179,585,577,739,738,811,808,1059,1068,1183,1135,1469,1470,29995,29996]} 1. d4 {[%cal Bd2d4,Bd4e5][%mdl 32]} Nf6 2. c4 e5 3. dxe5 Ng4 4. Nf3 Bc5 5. e3 Nc6 6. Be2 O-O 7. O-O Ncxe5 8. Nxe5 Nxe5 9. Nc3 Re8 10. b3 {LiveBook: 116 Games. A52: Budapest Gambit} a6 (10... a5 11. Na4 Bf8 12. Bb2 d6 13. Nc3 c6 14. Qd2 Qh4 15. f4 Ng4 16. Bxg4 Bxg4 17. e4 a4 18. Rae1 axb3 19. axb3 {1-0 (55) Giri,A (2782)-Mamedyarov,S (2801) chess.com INT 2018}) 11. Bb2 d6 12. Qc2 {The position is equal.} Qg5 $146 ({Predecessor:} 12... Bd7 13. Rad1 Qg5 14. Nd5 Bh3 15. Nf4 Bf5 16. Qc3 a5 17. a3 Be4 18. Kh1 {½-½ (56) Ulgun,A-Buhlmann,W ICCF email 2015}) 13. Kh1 Qh4 14. Nd5 Re6 15. g3 $1 {[%cal Rg3h4]} ({Don't go for} 15. Nxc7 $2 Rh6 $3 $19 {[%mdl 512]}) 15... Qd8 16. f4 {[%cal Bf2f4,Bf4f5,Bf5f6,Bf6g7][%mdl 32]} Nc6 ({Black should try} 16... Nd7 $1 $14) 17. f5 $16 Re8 {[#]} 18. f6 $1 $36 {[%cal Rf6g7][%mdl 2048] White has strong initiative.} Nb4 $2 (18... g6) 19. Nxb4 $18 Bxb4 20. fxg7 Qd7 21. Bd3 {[%csl Gc2][%cal Rd3h7]} Qh3 22. Rf4 Qh5 23. Raf1 Re5 24. Rxf7 Bh3 {[#]} 25. Bxh7+ $1 {[%mdl 512] Accuracy: White = 87%, Black = 20%.} 1-0

[Event "17th Asian Continental-ch Open 2018"]
[Site "Makati City"]
[Date "2018.12.14"]
[Round "5.21"]
[White "Gomez, John Paul"]
[Black "Jacutina, John Merill"]
[Result "1-0"]
[WhiteElo "2450"]
[BlackElo "2296"]
[Annotator "TA"]
[PlyCount "81"]
[EventDate "2018.12.07"]
[EventType "swiss"]
[EventRounds "9"]
[EventCountry "PHI"]

{[%evp 17,81,33,60,33,37,34,49,50,60,54,53,43,122,122,145,162,153,89,75,33,50,32,54,51,68,52,24,50,63,-21,-21,-27,0,0,0,0,93,58,52,49,91,122,78,0,0,0,0,0,227,146,233,194,183,192,192,196,297,326,320,316,465,445,673,645,842,839]} 1. d4 Nf6 2. c4 e6 3. Nf3 Bb4+ 4. Nbd2 d5 5. a3 Be7 6. Qc2 O-O 7. e4 dxe4 8. Nxe4 Nc6 9. Be3 {E11: Bogo-Indian} Ng4 {LiveBook: 6 Games} 10. Rd1 ({But not} 10. Neg5 f5 $15) 10... f5 11. Nc3 {White is slightly better.} Qe8 $146 ({Predecessor:} 11... Bf6 12. Be2 Nxe3 13. fxe3 Qe8 14. O-O b6 15. b4 Bb7 16. Rf2 Rd8 {½-½ (25) Huzman,A (2597)-Maletin,P (2429) Moscow 2004}) 12. Bf4 Nxd4 13. Nxd4 e5 14. Ndb5 exf4 ({Black should try} 14... c6 $14) 15. Nxc7 $16 Qf7 16. Nxa8 {aiming for h3.} Bc5 17. Nd5 (17. Rd2 $142) 17... Nxf2 {[#]} 18. Qxf2 $1 Bxf2+ 19. Kxf2 Qh5 20. Be2 Qh4+ 21. g3 fxg3+ 22. hxg3 Qe4 23. Rhe1 (23. Rh4 $1 $14 Qc2 24. Nac7 Qxb2 25. Ne7+ Kf7 26. Nxc8 Rxc8 27. Rd7+ Kf6 28. Rhd4 (28. Nd5+ Ke6 $16) 28... Qxd4+ 29. Rxd4 Rxc7 30. Rd5) 23... f4 24. gxf4 Rxf4+ (24... g5 $5) 25. Nxf4 Qxf4+ 26. Bf3 Qh4+ (26... Qh2+ $11 {remains equal.} 27. Ke3 Qe5+ 28. Be4 Bf5 29. Rd8+ Kf7) 27. Ke3 Bf5 28. Bd5+ Kf8 29. Rf1 ({Of course not} 29. Bxb7 $6 Qe7+ 30. Kf4 Qxb7 $11) 29... g6 30. Rd4 ({Better is} 30. Rf4 $16 Qh3+ 31. Bf3) 30... Qg3+ $11 31. Bf3 Qe5+ 32. Be4 {Black must now prevent Kd3.} Qg3+ $2 (32... Kg7 $11 {and Black is okay.}) 33. Kd2 Qg5+ (33... Ke7 $16) 34. Kc3 $18 Qe3+ 35. Bd3 {Threatens to win with Nc7.} Kg7 {[#]} 36. Rd1 $1 {Nc7 is the strong threat.} h5 (36... Qg3 {keeps fighting.} 37. Rd2 h5) 37. Nc7 h4 {Now ...h3 and Black clings on.} 38. Nd5 Qf3 (38... Qg3 {might work better.} 39. Kb4 Bg4) 39. Re1 {White is clearly winning.} h3 (39... Bxd3 $142 40. Rxd3 Qf5) 40. Re3 Qg2 41. Bxf5 {Precision: White = 57%, Black = 39%.} 1-0

[Event "17th Asian Continental-ch Open 2018"]
[Site "Makati City"]
[Date "2018.12.14"]
[Round "5.22"]
[White "Wang, Shixu B"]
[Black "Bersamina, Paulo"]
[Result "1/2-1/2"]
[WhiteElo "2342"]
[BlackElo "2444"]
[Annotator "TA"]
[PlyCount "71"]
[EventDate "2018.12.07"]
[EventType "swiss"]
[EventRounds "9"]
[EventCountry "PHI"]

{[%evp 17,71,33,27,11,27,-25,0,0,3,-17,0,0,0,0,0,0,0,-8,-8,-16,-16,-19,-23,-19,-23,-32,-28,-18,-18,-23,-6,-25,0,-8,0,-22,0,0,0,0,0,0,0,0,0,0,64,27,62,58,69,84,85,0,8,0]} 1. d4 Nf6 2. c4 e6 3. Nc3 Bb4 4. e3 b6 5. Bd3 Bb7 6. Nf3 O-O 7. O-O Bxc3 8. bxc3 d6 9. Nd2 e5 {LiveBook: 39 Games} 10. f4 {E43: Nimzo-Indian: Rubinstein: 4...b6} (10. f3 Nc6 11. Qc2 Re8 12. Ne4 Nxe4 13. Bxe4 h6 14. Bh7+ Kh8 15. Bd3 Na5 16. e4 Ba6 17. Qe2 Qd7 {0-1 (40) Wang,H (2717)-Wang,Y (2718) Huaian 2016}) 10... Re8 11. Re1 $146 (11. fxe5 $142 dxe5 12. a4) ({Predecessor:} 11. fxe5 dxe5 12. d5 e4 13. Be2 c6 14. dxc6 Nxc6 15. Nb3 Qxd1 16. Rxd1 Ba6 17. Ba3 Ne5 {0-1 (57) Nazaretyan,T (2131)-Panarin,M (2538) Tyumen 2012}) 11... c5 12. d5 Qe7 13. g3 e4 14. Bf1 Bc8 15. h3 h5 16. Bg2 Bf5 17. a4 Nbd7 {[%cal Bb8d7,Bd7b6,Bb6a8,Ba8c7][%mdl 32]} 18. a5 bxa5 19. Nb3 {[#]} a4 $1 {[%mdl 512]} 20. Rxa4 Nb6 21. Ra1 Qd7 22. Kh2 $1 a5 {[%cal Ba7a5,Ba5a4][%mdl 32]} 23. Nd2 {[%cal Bb3d2,Bd2f1,Bf1g3][%mdl 32]} a4 24. Ba3 Rab8 25. Rb1 Na8 26. Qc2 Rxb1 27. Rxb1 h4 28. Nf1 hxg3+ $1 29. Nxg3 Bg6 30. Qb2 Nc7 31. Qb7 Re7 ({Black should try} 31... Ra8 $11) 32. Qa7 Kh7 33. Rb7 Qc8 {Black wants to play ...Nb5!} 34. Rb8 Qd7 35. Rb7 (35. Qb6 $16) 35... Qc8 $11 36. Rb8 {Accuracy: White = 48%, Black = 51%.} 1/2-1/2

[Event "17th Asian Continental-ch Open 2018"]
[Site "Makati City"]
[Date "2018.12.14"]
[Round "5.23"]
[White "Pascua, Haridas"]
[Black "Nouri, Alekhine"]
[Result "1-0"]
[WhiteElo "2442"]
[BlackElo "2013"]
[Annotator "TA"]
[PlyCount "87"]
[EventDate "2018.12.07"]
[EventType "swiss"]
[EventRounds "9"]
[EventCountry "PHI"]

{[%evp 11,87,2,4,-14,32,18,19,13,45,35,64,22,41,41,77,49,63,33,25,16,23,16,36,12,52,50,66,66,65,65,67,62,65,70,103,86,112,89,92,84,125,121,131,87,93,76,168,170,169,160,210,199,215,150,175,130,137,127,299,291,296,295,279,275,314,305,290,280,274,213,353,353,500,502,467,443,432,431]} 1. c4 e5 2. g3 Nc6 3. Bg2 d6 4. Nc3 g6 5. d3 Bg7 6. Rb1 Nge7 {LiveBook: 13 Games} 7. h4 {A26: English Opening vs King's Indian with ...Nc6 and d3} h5 8. b4 {[%cal Bb2b4,Bb4b5][%mdl 32]} O-O 9. e3 {The position is equal.} Nf5 10. b5 Nce7 11. Nge2 Nh6 $146 ({Predecessor:} 11... c6 12. bxc6 bxc6 13. O-O Be6 14. Ba3 Qc7 {1-0 (75) Wahls,M (2568)-Berndt,S (2478) Germany 2000}) 12. Qb3 c6 13. e4 Be6 14. bxc6 bxc6 15. Qa3 Qd7 16. O-O Rfd8 17. Qa6 Qc8 18. Qxc8 Raxc8 19. Rb7 $36 {[%mdl 2048] Black is under pressure.} Rd7 20. Rxd7 Bxd7 21. Ba3 c5 22. Rb1 Bc6 23. Nb5 Rb8 24. Nec3 Nc8 25. Bh3 f5 26. Bc1 Ng4 27. f3 Nf6 28. exf5 gxf5 (28... Bd7 $16) 29. Bxf5 $18 Bxf3 30. Bg5 {[#] Rf1 is the strong threat.} Ng4 31. Be6+ Kh8 32. Bxc8 Rxc8 33. Rf1 ({Don't do} 33. Nxa7 $6 e4 $11) 33... Rf8 34. Be7 Rf7 $2 (34... Bh6 $16 35. Nd5 Bxd5 36. Rxf8+ Bxf8 37. Bxf8 Bf3) 35. Nxd6 Rxe7 36. Rxf3 e4 37. Ncxe4 Bd4+ 38. Kg2 Be5 39. Rf8+ Kg7 40. Re8 Rd7 (40... Rxe8 $142 41. Nxe8+ Kf8) 41. Re6 Rd8 (41... Bxd6 $142 42. Nxd6 (42. Rxd6 Rxd6 43. Nxd6 Ne5 $16) 42... Rd8) 42. Nf5+ {White is clearly winning.} Kf7 43. Ng5+ Kf8 {[#]} 44. Rxe5 $1 {[%mdl 64] Clearance. Accuracy: White = 65%, Black = 29%.} 1-0

[Event "17th Asian Continental-ch Open 2018"]
[Site "Makati City"]
[Date "2018.12.14"]
[Round "5.24"]
[White "Quizon, Daniel"]
[Black "Dimakiling, Oliver"]
[Result "1-0"]
[WhiteElo "2314"]
[BlackElo "2434"]
[Annotator "TA"]
[PlyCount "65"]
[EventDate "2018.12.07"]
[EventType "swiss"]
[EventRounds "9"]
[EventCountry "PHI"]

{[%evp 14,65,31,34,43,0,42,7,56,54,121,10,123,114,218,216,185,214,218,151,172,150,159,22,0,2,0,0,67,14,29,18,41,0,45,45,70,77,439,403,610,606,597,606,598,576,1194,997,1482,5402,2683,1053,2540,2468]} 1. e4 g6 2. d4 Bg7 3. Nc3 d6 4. Be3 a6 5. f3 b5 6. Qd2 Nd7 7. h4 h5 {B06: Modern Defence} 8. O-O-O {LiveBook: 19 Games} (8. Nh3 Bb7 9. Ng5 e6 10. O-O-O Qe7 11. Ne2 Ngf6 12. Nf4 e5 13. dxe5 Nxe5 14. Kb1 Rb8 15. Be2 O-O 16. Ba7 Rbd8 {1-0 (37) Sjugirov,S (2654)-Chigaev,M (2599) Sochi 2018}) 8... Nb6 9. a3 c6 $146 {The position is equal.} ({Predecessor:} 9... Nf6 10. Kb1 c6 11. Nh3 Bxh3 12. gxh3 Nfd7 13. f4 a5 14. e5 b4 {0-1 (44) Kramer,J (2128)-Wohl,A (2362) Naujac sur Mer 2013}) 10. Bd3 d5 11. Nge2 Nh6 (11... a5 $14) 12. Nf4 (12. Bg5 $16) 12... e6 (12... a5 $11) 13. g4 hxg4 {[#]} (13... e5 $16 {was necessary.}) 14. h5 $1 $18 g5 {[#]} 15. Ng6 $1 {[%cal Rg6h8]} fxg6 16. Bxg5 Bf6 17. Bxf6 Qxf6 18. e5 (18. hxg6 $16 Qg7 19. Rdf1) 18... Qg7 $11 {White must now prevent ...gxh5.} ({Not} 18... Qxf3 $2 19. Rdf1 $18) 19. hxg6 gxf3 20. Qg5 Ra7 ({Better is} 20... Ng8 $11) 21. Rh5 (21. Rh3 $14) 21... Ng8 {Threatens to win with ...Rxh5.} 22. Rdh1 $1 $36 {[%mdl 2048] White has the initiative.} Rxh5 23. Qxh5 Nc4 {Strongly threatening ...c5!} 24. Qxf3 {Hoping for Rh7.} Qf8 25. Qh5 $1 {[%mdl 1024] g7+ is the strong threat. White has compensation.} Qf4+ $2 {[%mdl 8192]} (25... Kd8 $16 {is tougher.}) 26. Kb1 $18 Rg7 (26... Rd7 $142 27. g7+ Kd8) 27. Qh8 {White is clearly winning.} Nd2+ 28. Ka2 Qf8 29. Rh7 Re7 30. g7 Qf7 {[#]} 31. Bg6 $1 {[%mdl 512]} Qxg6 32. Qxg8+ Kd7 33. Rh8 {Precision: White = 49%, Black = 32%.} 1-0

[Event "17th Asian Continental-ch Open 2018"]
[Site "Makati City"]
[Date "2018.12.14"]
[Round "5.25"]
[White "Antonio, Rogelio Jr"]
[Black "Turqueza, Mari Joseph"]
[Result "1/2-1/2"]
[WhiteElo "2431"]
[BlackElo "2305"]
[Annotator "TA"]
[PlyCount "64"]
[EventDate "2018.12.07"]
[EventType "swiss"]
[EventRounds "9"]
[EventCountry "PHI"]

{[%evp 15,64,2,9,-45,-15,-47,-44,-51,-48,-57,-45,-60,-57,-56,-38,-99,-96,-95,-97,-124,-109,-103,-93,-120,-68,-100,-97,-102,-112,-123,-135,-130,-104,-128,-43,-45,-40,-33,166,-8,-10,-35,-26,-15,-13,-15,0,-13,-4,-4,-8]} 1. e4 c5 2. Nc3 Nc6 3. f4 g6 4. Nf3 Bg7 5. Bb5 Nd4 6. O-O Nxb5 7. Nxb5 d5 8. d3 Bd7 {[#] LiveBook: 4 Games. ...dxe4 is the strong threat. B23: Closed Sicilian: Lines without g3} 9. Nc3 ({White should try} 9. a4 $11) 9... dxe4 (9... Bxc3 $5 10. bxc3 dxe4 $15) 10. dxe4 Bxc3 $1 {Black is slightly better.} 11. bxc3 Bb5 12. Qxd8+ Rxd8 13. Re1 Ba4 $146 ({Predecessor:} 13... Nf6 14. Ne5 Ba4 15. Rb1 b6 16. Rb2 {0-1 (29) Pereira,G (1964)-Quintiliano Pinto,R (2443) Caioba 2016}) 14. c4 Bxc2 15. Bb2 ({White should play} 15. a4 $15) 15... Nf6 $17 16. Rac1 {[#]} Ba4 $1 17. Ne5 O-O 18. Bc3 Nd7 19. Ng4 {[%cal Rg4h6]} f6 (19... h5 $17 20. Ne3 e6) 20. f5 Bc6 21. e5 h5 ({Much worse is} 21... gxf5 $6 22. Nh6+ Kh8 23. exf6 $11) 22. exf6 exf6 23. Ne3 g5 24. Nf1 Rde8 (24... Rfe8 $17 25. Re6 Nf8 26. Rxc6 bxc6 27. Bxf6 Rd3 28. Bxg5 Re4) 25. Re6 $1 $15 Ne5 26. Ng3 Bd7 $2 (26... Nd3 $15 {stays ahead.} 27. Rxe8 Rxe8) 27. Rxe8 $2 (27. Rd6 $18) 27... Bxe8 $11 28. Ne4 Bc6 29. Nxc5 Re8 {The position is equal.} 30. Ne6 Be4 31. Bxe5 Bxf5 32. Bxf6 Rxe6 {Accuracy: White = 41%, Black = 48%.} 1/2-1/2

[Event "17th Asian Continental-ch Open 2018"]
[Site "Makati City"]
[Date "2018.12.14"]
[Round "5.26"]
[White "Song, Yuxin"]
[Black "Garcia, Jan Emmanuel"]
[Result "1/2-1/2"]
[WhiteElo "2206"]
[BlackElo "2429"]
[PlyCount "137"]
[EventDate "2018.12.07"]
[EventType "swiss"]
[EventRounds "9"]
[EventCountry "PHI"]
[TimeControl "40/5400+30:1800+30"]

1. e4 e5 2. Nf3 Nc6 3. Bb5 Nf6 4. O-O Nxe4 5. Re1 Nd6 6. Nxe5 Nxe5 7. Rxe5+ Be7 8. Bf1 O-O 9. d4 Bf6 10. Re1 Nf5 11. c3 d5 12. Bf4 Nh4 13. Nd2 c6 14. Nf3 Bg4 15. Be2 Re8 16. Nxh4 Bxe2 17. Rxe2 Bxh4 18. Rxe8+ Qxe8 19. Qd2 Be7 20. Re1 Qd7 21. Qe3 Bf8 22. Qe5 Rc8 23. h3 a5 24. Qh5 b5 25. Qg4 Qxg4 26. hxg4 f6 27. g5 fxg5 28. Bxg5 Kf7 29. a3 b4 30. axb4 axb4 31. Ra1 Ke6 32. Bf4 Kf5 33. Be5 bxc3 34. bxc3 Ke4 35. Re1+ Kd3 36. Re3+ Kc4 37. Rh3 h6 38. Rg3 g5 39. f4 gxf4 40. Bxf4 Ra8 41. Rh3 Ra1+ 42. Kf2 Ra2+ 43. Kf1 Ra1+ 44. Kf2 Ra2+ 45. Kf1 Rc2 46. Bxh6 Ba3 47. Bg7 Bb2 48. Rh6 Bxc3 49. Rxc6+ Kd3 50. Rc5 Rc1+ 51. Kf2 Ke4 52. Kg3 Be1+ 53. Kg4 Rc4 54. Rxc4 dxc4 55. d5 Bb4 56. Kh5 Bd6 57. g4 Kxd5 58. g5 Be5 59. Bf8 c3 60. g6 c2 61. Ba3 Bg7 62. Kg5 Kc4 63. Bc1 Kd3 64. Kf5 Ke2 65. Ke6 Kd1 66. Bg5 Bc3 67. Kf7 Bd2 68. Bxd2 Kxd2 69. g7 1/2-1/2

[Event "17th Asian Continental-ch Open 2018"]
[Site "Makati City"]
[Date "2018.12.14"]
[Round "5.27"]
[White "Concio, Michael Jr."]
[Black "Ervan, Mohamad"]
[Result "0-1"]
[WhiteElo "2034"]
[BlackElo "2357"]
[PlyCount "70"]
[EventDate "2018.12.07"]
[EventType "swiss"]
[EventRounds "9"]
[EventCountry "PHI"]
[TimeControl "40/5400+30:1800+30"]

1. e4 c5 2. Nc3 e6 3. Nge2 a6 4. g3 b5 5. Bg2 Bb7 6. O-O Nf6 7. d3 d5 8. exd5 Nxd5 9. Nxd5 Bxd5 10. Bxd5 Qxd5 11. d4 Nc6 12. dxc5 Qxd1 13. Rxd1 Bxc5 14. Bf4 Ke7 15. Rd2 Rhd8 16. Rad1 Rxd2 17. Bxd2 f6 18. Bc3 Rc8 19. Kg2 e5 20. f4 b4 21. Be1 Ke6 22. c3 bxc3 23. Bxc3 Nb4 24. fxe5 fxe5 25. Re1 Kd5 26. Rd1+ Ke4 27. Nc1 Nc2 28. Rd7 Ne3+ 29. Kf2 Nd5+ 30. Ke2 Nxc3+ 31. bxc3 Be3 32. Nb3 Rxc3 33. Nd2+ Bxd2 34. Rxd2 g5 35. Kf2 h5 0-1